Inovácia koncepcie technického vzdelávania v základnej škole

Podrobná bibliografia
Hlavný autor: Žáčok, Ľubomír, 1975- (Autor)
Médium: Článok
Jazyk:slovenčina
Predmet:
On-line prístup:www.rozhlady.pedagog.sk

MARC

LEADER 00000nab a2200000 a 4500
001 vtls010572291
003 SK-MaSNL
005 20260303191119.0
008 150305c2012 xo br|p|||an |000 b|slo
015 |a SNBRB2014/01 
038 |a SPK 
040 |a SPKCL  |b slo  |c AACR2  |e AACR2 
041 0 |a slo  |b slo  |b eng 
044 |a xo  |c SK 
072 7 |a 377  |x Odborné vzdelávanie  |2 konspekt 
072 7 |a 373.2/.3  |x Predškolská a primárna výchova a vzdelávanie  |2 konspekt 
080 |a 377:62  |2 2001 
080 |a 62  |2 2001 
080 |a 373.3  |2 2001 
100 1 |a Žáčok, Ľubomír,  |d 1975-  |4 aut  |9 217794 
245 1 0 |a Inovácia koncepcie technického vzdelávania v základnej škole  |c Ľubomír Žáčok 
300 |b Tab. 
504 |a Bibliogr. odkazy 
546 |a Res. angl., slov. 
650 0 7 |a technická výchova  |2 snkbucl  |9 3563 
650 0 7 |a základné školy  |2 snkbucl  |9 1280 
650 0 7 |a koncepcie  |2 snkbucl  |9 506131 
773 0 |t Pedagogické rozhľady  |g Roč. 21, č. 5(2012), s. 18-23  |x 1335-0404 
852 |a SPK  |b KIS3GCP 
856 4 1 |u www.rozhlady.pedagog.sk 
958 |a NB  |2 spk 
999 |c 2139459  |d 2141389